000 00801nam a22002657a 4500
003 OSt
005 20250805185724.0
008 250805b |||||||| |||| 00| 0 sp d
020 _a9788418264016
040 _agtgcusch
_bspa
_cgtgcusch
_dgtgcusch
_eRDA
082 _aHMT 853 B219
100 1 0 _aBanti, Anna
_914387
245 _aArtemisia /
_cAnna Banti ; tr. Carmen Romero
260 _aCáceres, España :
_bPeriférica,
_c2020
300 _a216 p.
_c22 cm.
336 _2rdacontenido
_atexto
_btxt
337 _2rdamedio
_asin mediación
_bn
338 _2rdasoporte
_avolumen
_bnc
490 _aFuera de serie
_v5
502 _6Título original: Artemisia
650 _aNovela italiana
_91508
700 _aRomero, Carmen
_etraductora
_914388
942 _2ddc
_cBK
_kHMT 853 B219
_n0
999 _c6043
_d6043